000
00221nam a2200109Ia 4500
100
_a
Dept of Humanities
942
_c
BK
245
_a
Applied chemistry 1( 2012-2013)
260
_b
#N/A
546
_a
ENGLISH
999
_c
34530
_d
34530